01286nam a2200265 a 450000100060000000300080000600500170001400800410003103500190007204000310009104100080012208200250013010000390015524500510019426000700024530000250031550001150034050503220045565000230077765000300080065000240083094200120085499900170086695201370088343720BD-RjUL20211209053737.0160626r19491932enk 001 0 eng u a(BD-RjUL)43838 cCSUdBD-RjULaBD-RjULbeng aeng 223a335.14bSHE 19491 aShaw, Bernard,d1856-1950.913436210aEssays in Fabian socialism /cBy Bernard Shaw. aLondon :bConstable and company limited,c1932 [ Reprinted 1949 ] avii, 326 P. ;c21cm. a"First published in the Limited collected edition 1932; revised and reprinted for this Standard edition 1932."0 aThe economic basis of socialism.- The transition to social democracy.- The impossibilities of anarchism.- Socialism for millionaires.- The Fabian society.- The common sense of municipal trading.- Socialism and superior brains.- Fabian essays twenty years later.- Fabian essays forty years later, what they overlooked. 0aSocialism.9134363 0aFabian Society. 9134364 0aSocialisme.9134365 2ddccBK c43720d43720 00102ddc40708NFICaRUCLbRUCLcStackd1956-08-06eBlackwellg73.00l0o335.14 SHE 1949r2016-06-26 00:00:00tC-2w2016-06-26yBK